=LDR 00000nam 2200000 4500 =001 INLIS000000000021142 =005 20130612120028 =008 ***********************************ind** =035 ##$$0010-061300000021142 =041 ##$$a ind =082 ##$$a 2x2.5 =090 ##$$a 2x2.5, Alb sy =100 ##$$a Al Atsari, Abu Ubaidah =245 ##$$a Syaikh Al Albani dihujat, penyusun Abu Ubaidah Yusuf bin Mukhtar al Atsari =300 ##$$a xlvi, 194 hlm, 20 cm =850 ##$$a NBPNMAT =990 ##$$a 21601852/BPAP-NTB/2017